[Event "Platja d'Aro op 9th"]
[Site "Platja d'Aro"]
[Date "2022.12.28"]
[Round "4"]
[White "Hansen Ferrer, Mark B"]
[Black "Volkov Baer, Ivan"]
[Result "0-1"]
[WhiteElo "1548"]
[BlackElo "1498"]
[PlyCount "74"]
[EventDate "2022.12.26"]
[EventType "swiss"]
[EventRounds "9"]
[EventCountry "ESP"]
[SourceTitle "CBM 211 Extra"]
[Source "ChessBase"]
[SourceDate "2023.01.31"]
[SourceVersion "1"]
[SourceVersionDate "2023.01.31"]
[SourceQuality "1"]

1. e4 e5 2. Nf3 Nc6 3. Bc4 Bc5 4. c3 Nf6 5. d4 exd4 6. cxd4 Bb4+ 7. Nc3 Nxe4 8. d5 Nxc3 9. bxc3 Bxc3+ 10. Bd2 Qe7+ 11. Qe2 Bxa1 12. Qxe7+ Nxe7 13. 0-0 Bf6 14. Bg5 d6 15. Bxf6 gxf6 16. Nd4 Ng6 17. Re1+ Kf8 18. Bd3 Ne5 19. Bf5 Bxf5 20. Nxf5 Rg8 21. Re3 Rg5 22. f4 Rxf5 23. fxe5 fxe5 24. g4 Rf4 25. h3 Ke7 26. Kg2 Rd4 27. g5 Rg8 28. h4 Rxh4 29. Rh3 Rxh3 30. Kxh3 Rxg5 31. a4 e4 32. Kh4 f6 33. a5 e3 34. a6 bxa6 35. Kh3 e2 36. Kh2 e1Q 37. Kh3 Qg3# 0-1

[Event "Catalunya-ch U16"]
[Site "Girona"]
[Date "2014.??.??"]
[Round "1.3"]
[White "Volkov Baer, Ivan"]
[Black "Pruja Ramirez de Cartagena, Eduardo"]
[Result "0-1"]
[WhiteElo "1812"]
[BlackElo "2057"]
[PlyCount "36"]
[EventDate "2014.01.25"]
[EventType "swiss"]
[EventRounds "6"]
[EventCountry "ESP"]
[SourceTitle "EXT 2024"]
[Source "ChessBase"]
[SourceDate "2023.10.10"]
[SourceVersion "1"]
[SourceVersionDate "2023.10.10"]
[SourceQuality "1"]

1. c4 Nf6 2. Nc3 e6 3. Nf3 d5 4. cxd5 exd5 5. d4 c6 6. Bg5 Be7 7. a3 Bf5 8. b4 0-0 9. e3 Nbd7 10. b5 Qa5 11. Qd2 Bb4 12. axb4 Qxa1+ 13. Nd1 Ne4 14. Qb2 Qxb2 15. Nxb2 Nxg5 16. Nxg5 Rfc8 17. Be2 cxb5 18. Bxb5 Rc1+ 0-1